[Event "Hastings Masters 2010-11"]
[Site "Hastings ENG"]
[Date "2010.12.28"]
[Round "1.31"]
[White "Haria, Ravi"]
[Black "Cafferty, Bernard"]
[Result "1/2-1/2"]
[BlackTitle "FM"]
[WhiteElo "1952"]
[BlackElo "2133"]
[WhiteFideId "415820"]
[BlackFideId "401005"]
[EventDate "2010.12.28"]

1. e4 e6 2. d4 d5 3. e5 b6 4. Nf3 Ba6 5. Bxa6 Nxa6 6. c3 Qd7 7. O-O Ne7 8. a4 c5
9. Qd3 Nc7 10. a5 c4 11. Qc2 b5 12. b3 cxb3 13. Qxb3 Nc6 14. Rd1 Be7 15. Bg5 O-O
16. Bxe7 Qxe7 17. Nbd2 Rab8 18. Qc2 Rfc8 19. Nb3 Na6 20. Qd3 h6 21. Nfd2 Rb7 22.
f4 Ncb8 23. Rac1 Rc4 24. Rf1 Rbc7 25. Qg3 R4c6 26. Qd3 Rc4 27. Qf3 R4c6 28. f5
b4 29. f6 Qf8 30. fxg7 Qxg7 31. cxb4 Rxc1 32. Rxc1 Rxc1+ 33. Nxc1 Nxb4 34. Ncb3
N8c6 35. Nf1 Qg6 36. Qg3 1/2-1/2

[Event "Hastings Masters 2010-11"]
[Site "Hastings ENG"]
[Date "2010.12.28"]
[Round "1.32"]
[White "Sergienko, Vladislav"]
[Black "Campbell, Eoin"]
[Result "1-0"]
[WhiteElo "2133"]
[BlackElo "1950"]
[WhiteFideId "14127130"]
[BlackFideId "2400740"]
[EventDate "2010.12.28"]

1. Nf3 Nf6 2. c4 g6 3. g3 Bg7 4. Bg2 O-O 5. O-O d6 6. d4 Nc6 7. Nc3 a6 8. b3 e5
9. dxe5 dxe5 10. Ba3 Re8 11. Ng5 h6 12. Nge4 Nxe4 13. Nxe4 f5 14. Nc3 e4 15. Rc1
Qxd1 16. Rfxd1 Be6 17. f3 e3 18. f4 Rad8 19. Nd5 Bxd5 20. Bxd5+ Rxd5 21. Rxd5
Nd4 22. Kf1 g5 23. Bc5 Re4 24. Bxd4 Bxd4 25. Rxf5 Kg7 26. fxg5 hxg5 27. Rxg5+
Kh6 28. Rf5 1-0

[Event "Hastings Masters 2010-11"]
[Site "Hastings ENG"]
[Date "2010.12.28"]
[Round "1.34"]
[White "Sreeves, Clement"]
[Black "Gibbs, Dominic V"]
[Result "1/2-1/2"]
[WhiteElo "2104"]
[BlackElo "1941"]
[WhiteFideId "2402564"]
[BlackFideId "412090"]
[EventDate "2010.12.28"]

1. c4 f5 2. Nc3 Nf6 3. g3 g6 4. Bg2 Bg7 5. d3 O-O 6. e4 d6 7. Nge2 c6 8. O-O a5
9. exf5 gxf5 10. d4 Na6 11. d5 Bd7 12. Nd4 Qe8 13. Re1 Nc5 14. Qe2 Ng4 15. Nf3
Qg6 16. Bf4 Rae8 17. Qc2 Nf6 18. Nh4 Qh5 19. h3 Nfe4 20. Bf3 Qf7 21. Nxe4 fxe4
22. Bxe4 Nxe4 23. Qxe4 Bxh3 24. dxc6 bxc6 25. Re2 e5 26. Bd2 d5 27. cxd5 cxd5
28. Qe3 Bg4 29. f3 Bxf3 30. Rf2 e4 31. Bc3 Bxc3 32. bxc3 Qg7 33. Kh2 Rc8 34.
Nxf3 Rxc3 35. Qd2 Rd3 36. Qe1 Rdxf3 37. Rg2 e3 38. Rc1 Rf2 39. Qxe3 Rxg2+ 40.
Kxg2 d4 41. Qe4 Rd8 42. Rd1 Qd7 43. Rd3 Kg7 44. Qe5+ Kg6 45. Qe4+ Qf5 46. Rxd4
Rxd4 47. Qxd4 Qc2+ 48. Qf2 Qe4+ 1/2-1/2

[Event "Hastings Masters 2010-11"]
[Site "Hastings ENG"]
[Date "2010.12.28"]
[Round "1.35"]
[White "Young, Mel J"]
[Black "De Coverly, Roger D"]
[Result "0-1"]
[WhiteElo "1938"]
[BlackElo "2091"]
[WhiteFideId "410357"]
[BlackFideId "405213"]
[EventDate "2010.12.28"]

1. e4 e5 2. f4 Nc6 3. Nf3 f5 4. exf5 e4 5. Ne5 Nf6 6. Bc4 d5 7. Bb5 Bd7 8. Nxd7
Qxd7 9. d4 exd3 10. cxd3 O-O-O 11. O-O Bc5+ 12. Kh1 Qxf5 13. Bxc6 bxc6 14. a4
Ng4 15. h3 Nf2+ 16. Rxf2 Bxf2 17. b4 Rhe8 18. Bd2 Qxd3 0-1

[Event "Hastings Masters 2010-11"]
[Site "Hastings ENG"]
[Date "2010.12.28"]
[Round "1.36"]
[White "Hegarty, Sarah N"]
[Black "Dunlop, Neil J"]
[Result "1-0"]
[WhiteTitle "WFM"]
[WhiteElo "2080"]
[BlackElo "1923"]
[WhiteFideId "2501465"]
[BlackFideId "417599"]
[EventDate "2010.12.28"]

1. e4 d6 2. d4 Nf6 3. Nc3 g6 4. f4 Bg7 5. Nf3 c5 6. Be2 cxd4 7. Nxd4 O-O 8. Be3
Nbd7 9. O-O a6 10. h3 Qc7 11. Bf3 e5 12. Nde2 exf4 13. Nxf4 Nb6 14. Bd4 Be6 15.
Be2 Rad8 16. Qe1 Nfd7 17. Bxg7 Kxg7 18. Qh4 Qc5+ 19. Rf2 d5 20. exd5 Bxd5 21.
Rf1 Rde8 22. Kh1 Bc4 23. Nd3 Bxd3 24. Bxd3 f5 25. Qg5 h6 26. Qg3 Re3 27. Rf3
Rfe8 28. Nd1 Rxf3 29. Qxf3 Qd5 30. Qg3 Qe5 31. Qf2 Nc5 32. b4 Nxd3 33. Qxb6 Qe2
34. Qc7+ Re7 35. Qc3+ Ne5 36. Re1 Qb5 37. a4 Qd5 38. Ne3 Qc6 1-0

[Event "Hastings Masters 2010-11"]
[Site "Hastings ENG"]
[Date "2010.12.28"]
[Round "1.37"]
[White "Hoare, Amy"]
[Black "Coates, David H"]
[Result "0-1"]
[WhiteElo "1921"]
[BlackElo "2067"]
[WhiteFideId "418366"]
[BlackFideId "468606"]
[EventDate "2010.12.28"]

1. e4 e6 2. d4 d5 3. e5 c5 4. c3 Nc6 5. Nf3 Qb6 6. Be2 Nh6 7. Bxh6 gxh6 8. Qd2
Bg7 9. O-O O-O 10. Na3 cxd4 11. cxd4 Bd7 12. Nc2 f6 13. exf6 Rxf6 14. Rfd1 Raf8
15. Ne3 Rf4 16. Nc2 Be8 17. Qc3 Bg6 18. Bd3 e5 19. Bxg6 hxg6 20. Qc5 Qxc5 21.
dxc5 d4 22. Rd2 d3 23. Ne3 e4 24. Ne1 Bd4 25. g3 Rxf2 26. Rxf2 Bxe3 27. Ng2
Bxf2+ 0-1

[Event "Hastings Masters 2010-11"]
[Site "Hastings ENG"]
[Date "2010.12.28"]
[Round "1.38"]
[White "Flynn, David"]
[Black "Messam-Sparks, Lateefah"]
[Result "1-0"]
[WhiteElo "2061"]
[BlackElo "1917"]
[WhiteFideId "410594"]
[BlackFideId "470813"]
[EventDate "2010.12.28"]

1. e4 c5 2. Nf3 d6 3. d4 cxd4 4. Nxd4 Nf6 5. Nc3 a6 6. Bg5 e6 7. f4 Be7 8. Qf3
Nbd7 9. O-O-O Rb8 10. g4 Qc7 11. Bxf6 Bxf6 12. g5 Bxd4 13. Rxd4 b5 14. Bg2 b4
15. Ne2 e5 16. Rd2 exf4 17. Qxf4 Ne5 18. Rhd1 O-O 19. Rxd6 Nc4 20. R6d4 Qxf4+
21. Nxf4 Ne3 22. R1d3 Nxg2 23. Nxg2 a5 24. Nf4 Ba6 25. Rd1 Rfc8 26. Nd5 Kf8 27.
Kd2 Rb5 28. b3 Bb7 29. h4 Bxd5 30. Rxd5 Rxd5+ 31. exd5 Rc5 32. Kc1 Ke7 33. Rd2
Kd6 34. Kd1 Rxd5 35. Rxd5+ Kxd5 36. Ke2 Ke4 37. Kd2 Kd4 38. h5 f6 39. h6 1-0

[Event "Hastings Masters 2010-11"]
[Site "Hastings ENG"]
[Date "2010.12.28"]
[Round "1.40"]
[White "Kurka, Dieter"]
[Black "Malhotra, Tarun"]
[Result "1-0"]
[WhiteElo "2040"]
[BlackElo "1913"]
[WhiteFideId "12902047"]
[BlackFideId "5020549"]
[EventDate "2010.12.28"]

1. d4 Nf6 2. Nf3 g6 3. c4 Bg7 4. Nc3 d6 5. e4 O-O 6. Be2 e5 7. O-O Nc6 8. d5 Ne7
9. Ne1 Nd7 10. Be3 f5 11. f3 f4 12. Bf2 g5 13. a4 a5 14. Nd3 b6 15. Be1 Nf6 16.
Nb5 g4 17. b4 axb4 18. Nxb4 Bd7 19. Nd3 g3 20. hxg3 fxg3 21. Bxg3 Ng6 22. Be1
Nh5 23. g3 Bh3 24. Kh2 Bxf1 25. Bxf1 Rf7 26. Bh3 Nf8 27. a5 bxa5 28. Rxa5 Rxa5
29. Bxa5 Nf6 30. c5 Qb8 31. Qa4 Ne8 32. Kg2 Bh6 33. c6 Be3 34. Bb4 Ng7 35. Qa6
Ng6 36. Qb7 Qf8 37. Bxd6 cxd6 38. c7 Ne7 39. Nxd6 Rxf3 40. Nf5 Ngxf5 41. Bxf5
Rxf5 42. exf5 Qc8 43. Qb8 Kg7 44. d6 Qxf5 45. dxe7 Qe4+ 46. Kh2 Bg1+ 47. Kxg1
Qe3+ 48. Nf2 Qc1+ 49. Kg2 Qc6+ 50. Kf1 Qc1+ 51. Ke2 Qc2+ 52. Ke3 Qc5+ 53. Kd3
Qd4+ 54. Kc2 Qxf2+ 55. Kb3 Qe3+ 56. Kb4 Qd4+ 57. Kb5 Qd5+ 58. Ka6 Qa2+ 59. Kb7
Qb3+ 60. Ka8 Qa2+ 61. Qa7 Qg8+ 62. Kb7 Qd5+ 63. Kb8 1-0

[Event "Hastings Masters 2010-11"]
[Site "Hastings ENG"]
[Date "2010.12.28"]
[Round "1.42"]
[White "Spanton, Tim R"]
[Black "Quinn, Joseph R"]
[Result "1-0"]
[WhiteElo "2030"]
[BlackElo "1815"]
[WhiteFideId "404802"]
[BlackFideId "470899"]
[EventDate "2010.12.28"]

1. c4 e5 2. g3 Nf6 3. Bg2 Bc5 4. Nc3 d6 5. e3 c6 6. Nge2 Be6 7. d4 exd4 8. exd4
Bb6 9. d5 cxd5 10. cxd5 Bf5 11. Nd4 Bg6 12. O-O O-O 13. Bg5 Re8 14. Qd2 Nbd7 15.
Ndb5 Nc5 16. Qf4 Bc7 17. Bxf6 gxf6 18. Nxc7 Nd3 19. Qd4 Qxc7 20. f4 Nxb2 21. f5
Rac8 22. Ne4 Qc4 23. Nxf6+ 1-0

[Event "Hastings Masters 2010-11"]
[Site "Hastings ENG"]
[Date "2010.12.28"]
[Round "1.44"]
[White "Pickersgill, Adrian O"]
[Black "Clayton, Tristan"]
[Result "1/2-1/2"]
[WhiteElo "2026"]
[BlackElo "1791"]
[WhiteFideId "404519"]
[BlackFideId "416533"]
[EventDate "2010.12.28"]

1. e4 c6 2. d4 d5 3. f3 e6 4. Nc3 c5 5. Nge2 cxd4 6. Nxd4 Bb4 7. Bb5+ Bd7 8. O-O
Ne7 9. Bxd7+ Qxd7 10. Kh1 O-O 11. Nce2 Nbc6 12. c3 Ba5 13. Be3 Bb6 14. Qd2 Ne5
15. b3 Rac8 16. Rac1 Rfd8 17. exd5 Nxd5 18. Bf2 Qe7 19. Bg3 Ng6 20. f4 Nf6 21.
Qb2 Ne4 22. Be1 a6 23. Qb1 Nf6 24. Qb2 Ne4 25. Qb1 Nf6 26. Bf2 Ng4 27. Bg3 Ne3
28. Rf3 Nd5 29. Qb2 Nh4 30. Rd3 Nf5 31. Nxf5 exf5 32. Nd4 g6 33. Re1 Qf6 34. Qd2
Nxc3 35. Rxc3 Bxd4 36. Rxc8 Rxc8 37. Rd1 Bb6 38. h3 Rd8 39. Qc2 Rxd1+ 40. Qxd1
Qd4 41. Qxd4 Bxd4 42. Be1 Be3 43. g3 f6 44. Kg2 Kf7 45. Kf3 Bc1 46. Bc3 h5 47.
h4 g5 48. Bd4 Ke6 49. Bc3 gxf4 1/2-1/2

[Event "Hastings Masters 2010-11"]
[Site "Hastings ENG"]
[Date "2010.12.28"]
[Round "1.45"]
[White "Dale, Hannah"]
[Black "Chkartina, Gerhana"]
[Result "0-1"]
[WhiteElo "1790"]
[BlackElo "2014"]
[WhiteFideId "407755"]
[BlackFideId "7101511"]
[EventDate "2010.12.28"]

1. c4 d6 2. Nc3 g6 3. g3 Bg7 4. Bg2 Nf6 5. d3 O-O 6. Bg5 h6 7. Bd2 c6 8. e4 Qb6
9. Rb1 Ng4 10. Qe2 Bd4 11. Nd1 Kh7 12. h3 Nf6 13. Nf3 c5 14. g4 Nfd7 15. Nc3 Nc6
16. O-O Bg7 17. Nd5 Qd8 18. g5 h5 19. Nh4 Nd4 20. Qd1 Nb6 21. Nf4 Rh8 22. Ne2 e5
23. Nxd4 cxd4 24. f4 exf4 25. Bxf4 Be6 26. Qf3 Nd7 27. Qg3 Be5 28. Nf3 Re8 29.
Bxe5 dxe5 30. b3 Rc8 31. Nxe5 Nxe5 32. Qxe5 Bxc4 33. Qg3 Be6 34. Rbc1 Rc3 35.
Rfd1 Qb6 36. Kh1 Rec8 37. Qe1 Qa6 38. Ra1 Rxd3 39. Bf1 Rxd1 40. Qxd1 Qd6 41. Qf3
Rc2 42. Bg2 Rc3 43. Qf1 d3 44. Rd1 d2 45. Qe2 Bxh3 46. Qf1 Bxg2+ 47. Qxg2 Rc1
48. Qf1 Rxd1 49. Qxd1 Qd4 0-1

[Event "Hastings Masters 2010-11"]
[Site "Hastings ENG"]
[Date "2010.12.28"]
[Round "1.49"]
[White "Torgersen, Markus"]
[Black "Webster, Richard J"]
[Result "0-1"]
[WhiteElo "1741"]
[BlackElo "1986"]
[WhiteFideId "1511653"]
[BlackFideId "409162"]
[EventDate "2010.12.28"]

1. d4 Nf6 2. c4 g6 3. Nc3 d5 4. Nf3 Bg7 5. Bg5 Ne4 6. cxd5 Nxg5 7. Nxg5 e6 8.
Nf3 exd5 9. e3 c6 10. Be2 Nd7 11. Qb3 O-O 12. O-O Qb6 13. Qxb6 axb6 14. a4 Nf6
15. b4 Rd8 16. Nd2 Bf5 17. a5 Bf8 18. b5 Bb4 19. Ndb1 bxa5 20. bxc6 bxc6 21. Rc1
Rac8 22. Na4 Nd7 23. Nbc3 Kf8 24. Ba6 Ra8 25. Na2 Nb6 26. Nxb4 axb4 27. Rxc6
Nxa4 28. Rxa4 Bd7 0-1

[Event "Hastings Masters 2010-11"]
[Site "Hastings ENG"]
[Date "2010.12.28"]
[Round "1.51"]
[White "Barton, R Alan"]
[Black "Calvert, D Ian"]
[Result "1/2-1/2"]
[WhiteElo "2103"]
[BlackElo "1981"]
[WhiteFideId "404233"]
[BlackFideId "406368"]
[EventDate "2010.12.28"]

1. Nf3 d5 2. d4 Nf6 3. Bf4 c5 4. e3 Nc6 5. c3 cxd4 6. exd4 g6 7. Bd3 Bf5 8. Ne5
Bg7 9. O-O O-O 10. Bxf5 gxf5 11. Qd3 e6 12. Nxc6 bxc6 13. Be5 Ne4 14. Bxg7 Kxg7
15. Nd2 Nxd2 16. Qxd2 h6 17. Rae1 Kh7 18. Re2 Rg8 19. f3 Rg6 20. Qd3 Qc7 21. Kh1
h5 22. f4 Rag8 23. Rf3 Rg4 24. Ref2 h4 25. a3 R8g6 26. h3 Rg3 27. Rxg3 Rxg3 28.
Rf3 Rg6 29. Qe2 Qd8 30. Qa6 Qc7 31. Qe2 Qd8 32. Qe1 Rh6 33. Kg1 Qb6 34. Qf2 Qb3
35. Re3 Qd1+ 36. Re1 Qh5 37. Qe2 Qxe2 38. Rxe2 Kg6 39. Kf2 Rh8 40. b4 Kf6 41.
Ke3 Rg8 42. Kd2 Rg3 43. Kc2 Ke7 44. Kb3 Kd6 45. a4 a6 46. Rc2 Rd3 47. Kb2 f6 48.
Re2 Rg3 49. Kb3 Rd3 50. Kc2 Rg3 51. Kd2 Kd7 52. Kc2 1/2-1/2

[Event "Hastings Masters 2010-11"]
[Site "Hastings ENG"]
[Date "2010.12.29"]
[Round "2.34"]
[White "Atako, Chino"]
[Black "Sugden, John N"]
[Result "1/2-1/2"]
[WhiteElo "2039"]
[BlackElo "2193"]
[WhiteFideId "468649"]
[BlackFideId "402001"]
[EventDate "2010.12.28"]

1. e4 c5 2. Nc3 Nc6 3. f4 e6 4. Nf3 d5 5. Bb5 Ne7 6. O-O a6 7. Bxc6+ Nxc6 8. d3
Be7 9. Ne2 f5 10. Ng3 O-O 11. c3 b5 12. Kh1 Bf6 13. e5 Be7 14. d4 b4 15. Be3 c4
16. b3 cxb3 17. Qxb3 Na5 18. Qc2 bxc3 19. Qxc3 Bd7 20. Rfc1 Rc8 21. Qe1 Nc4 22.
Rab1 Ba3 23. Rc3 Qa5 24. Rd3 Qxe1+ 25. Nxe1 Ba4 26. Bc1 Be7 27. Ne2 Rb8 28. Rxb8
Rxb8 29. Nc3 Be8 1/2-1/2

[Event "Hastings Masters 2010-11"]
[Site "Hastings ENG"]
[Date "2010.12.30"]
[Round "3.7"]
[White "Gormally, Daniel W"]
[Black "Druckenthaner, Andreas"]
[Result "1-0"]
[WhiteTitle "GM"]
[BlackTitle "FM"]
[WhiteElo "2470"]
[BlackElo "2306"]
[WhiteFideId "406465"]
[BlackFideId "1600567"]
[EventDate "2010.12.28"]

1. d4 f5 2. Bg5 h6 3. Bh4 c5 4. e4 Qb6 5. exf5 d5 6. Nf3 Bxf5 7. Nc3 Qe6+ 8. Be2
Nc6 9. dxc5 O-O-O 10. Nd4 Nxd4 11. Qxd4 Nf6 12. O-O-O a6 13. Bf3 g5 14. Rhe1 Qc6
15. Bg3 1-0

[Event "Hastings Masters 2010-11"]
[Site "Hastings ENG"]
[Date "2010.12.30"]
[Round "3.39"]
[White "Kaufeld, Juergen"]
[Black "Gibbs, Dominic V"]
[Result "1-0"]
[WhiteTitle "FM"]
[WhiteElo "2270"]
[BlackElo "1941"]
[WhiteFideId "4648498"]
[BlackFideId "412090"]
[EventDate "2010.12.28"]

1. e4 c6 2. d4 d5 3. e5 Bf5 4. h4 h5 5. Bg5 Qb6 6. Bd3 Bxd3 7. Qxd3 Qxb2 8. e6
Qxa1 9. Qb3 Qxd4 10. Be3 Qe5 11. Qxb7 fxe6 12. Nf3 Qd6 13. Ng5 Nh6 14. Bc5 Qd8
15. Qxa8 Nd7 16. Qxc6 Qa5+ 17. Nd2 Qxc5 18. Qa8+ Nb8 19. Qxb8+ Kd7 20. O-O Qc7
21. Qb5+ Qc6 22. Qa5 a6 23. Ndf3 Qb5 24. Ne5+ Kc8 25. Qc3+ Kb8 26. a4 Qb6 27. a5 1-0

[Event "Hastings Masters 2010-11"]
[Site "Hastings ENG"]
[Date "2010.12.31"]
[Round "4.1"]
[White "Howell, David W L"]
[Black "Neverov, Valeriy"]
[Result "1-0"]
[WhiteTitle "GM"]
[BlackTitle "GM"]
[WhiteElo "2611"]
[BlackElo "2522"]
[WhiteFideId "410608"]
[BlackFideId "14100150"]
[EventDate "2010.12.28"]

1. e4 c5 2. Nf3 d6 3. d4 cxd4 4. Nxd4 Nf6 5. Nc3 a6 6. h3 e6 7. g4 b5 8. Bg2 Bb7
9. O-O Be7 10. e5 Bxg2 11. exf6 Bxf1 12. fxe7 Qxe7 13. Qxf1 O-O 14. b3 Rc8 15.
Bb2 Nc6 16. Qd3 Ne5 17. Qe3 Ng6 18. Rd1 Qa7 19. Rd2 Rc7 20. Qg3 b4 21. Nd1 Qc5
22. Nf3 Rac8 23. Ne3 Rd7 24. h4 Ne7 25. h5 Qa5 26. h6 f6 27. Rxd6 Qc7 28. Rxd7
Qxd7 29. hxg7 e5 30. g5 1-0

[Event "Hastings Masters 2010-11"]
[Site "Hastings ENG"]
[Date "2010.12.31"]
[Round "4.3"]
[White "Rendle, Thomas E"]
[Black "Williams, Simon K"]
[Result "1-0"]
[WhiteTitle "IM"]
[BlackTitle "GM"]
[WhiteElo "2400"]
[BlackElo "2493"]
[WhiteFideId "408760"]
[BlackFideId "404454"]
[EventDate "2010.12.28"]

1. e4 Nf6 2. e5 Nd5 3. d4 d6 4. Nf3 Nc6 5. c4 Nb6 6. exd6 exd6 7. Be2 Bg4 8. d5
Bxf3 9. Bxf3 Ne5 10. Be2 Be7 11. O-O O-O 12. Qc2 Bf6 13. a4 a5 14. Ra3 Re8 15.
Rh3 g6 16. Nd2 Nc6 17. dxc6 Rxe2 18. cxb7 Rb8 19. Qd3 Qe7 20. Nb3 Qe4 21. Nxa5
Qxd3 22. Rxd3 Nxa4 23. b4 Bc3 24. Be3 c5 25. Rxd6 Bxb4 26. Rc6 Nb6 27. Bf4 1-0

[Event "Hastings Masters 2010-11"]
[Site "Hastings ENG"]
[Date "2010.12.31"]
[Round "4.24"]
[White "Cafferty, Bernard"]
[Black "Kotronias, Vasilios"]
[Result "0-1"]
[WhiteTitle "FM"]
[BlackTitle "GM"]
[WhiteElo "2133"]
[BlackElo "2591"]
[WhiteFideId "401005"]
[BlackFideId "5900212"]
[EventDate "2010.12.28"]

1. Nf3 Nf6 2. c4 g6 3. b4 Bg7 4. Bb2 O-O 5. e3 d6 6. Be2 e5 7. d4 e4 8. Nfd2 h5
9. Nc3 Re8 10. Qc2 Bf5 11. h3 Nc6 12. Qb3 Qd7 13. O-O-O a6 14. Rdg1 h4 15. g4
hxg3 16. Rxg3 d5 17. cxd5 Ne7 18. Nc4 Nexd5 19. Ne5 Qd6 20. Rhg1 Be6 21. Nxd5
Nxd5 22. Nxg6 Nxb4 23. Ne7+ Kf8 24. Nf5 Bxb3 25. Nxd6 Nxa2+ 26. Kb1 cxd6 27.
Rxg7 Rac8 28. Ba3 Rc6 29. Kb2 Bd5 30. Bh5 Rb6+ 31. Ka1 Nb4 32. Bxb4 Rxb4 33. Rh7
Ke7 34. Rg5 Rb5 35. Rf5 Rc8 36. Rxd5 Rxd5 37. Bxf7 Ra5+ 38. Kb2 Rb5+ 39. Bb3+
Kd8 40. Ka2 Rc3 41. Be6 Rc2+ 0-1

[Event "Hastings Masters 2010-11"]
[Site "Hastings ENG"]
[Date "2010.12.31"]
[Round "4.45"]
[White "Clayton, Tristan"]
[Black "Flynn, David"]
[Result "0-1"]
[WhiteElo "1791"]
[BlackElo "2061"]
[WhiteFideId "416533"]
[BlackFideId "410594"]
[EventDate "2010.12.28"]

1. e4 c5 2. Nc3 Nc6 3. g3 g6 4. Bg2 Bg7 5. d3 e6 6. f4 Nge7 7. Nf3 d6 8. O-O O-O
9. Be3 Nd4 10. Rb1 Nec6 11. Ne2 Qa5 12. c3 Nxf3+ 13. Bxf3 Bd7 14. Qc2 Rab8 15.
g4 f5 16. exf5 exf5 17. Bd5+ Kh8 18. g5 Ne7 19. Bg2 Qxa2 20. d4 Qe6 21. Qd2 Nd5
22. Bf2 c4 23. Rfe1 Bc6 24. Ng3 Qf7 25. h4 Rfe8 26. Bf3 Re7 27. Rxe7 Qxe7 28.
Re1 Qf7 29. h5 Re8 30. h6 Bf8 31. Rb1 a6 32. b3 Nb6 33. d5 Nxd5 34. Bd4+ Kg8 35.
bxc4 Ne7 36. Bd1 d5 37. cxd5 Bxd5 38. Ba4 b5 39. Bc2 Bc4 40. Qd1 Nd5 41. Be5 Ne3
42. Qd2 Nxc2 43. Qxc2 Bc5+ 44. Kh2 Rd8 45. Ne2 Rd3 46. Nd4 Re3 47. Qg2 Re4 48.
Kh3 Bd5 49. Qd2 Bb7 50. Rd1 Qd5 51. Qc1 Re3+ 52. Kh4 Rh3+ 0-1

[Event "Hastings Masters 2010-11"]
[Site "Hastings ENG"]
[Date "2011.01.01"]
[Round "5.10"]
[White "Kaufeld, Juergen"]
[Black "Summerscale, Aaron P"]
[Result "1/2-1/2"]
[WhiteTitle "FM"]
[BlackTitle "GM"]
[WhiteElo "2270"]
[BlackElo "2434"]
[WhiteFideId "4648498"]
[BlackFideId "400980"]
[EventDate "2010.12.28"]

1. e4 e6 2. d4 d5 3. Nc3 Nf6 4. Bg5 Bb4 5. e5 h6 6. Bc1 Ne4 7. Qg4 g6 8. Ne2 c5
9. a3 Bxc3+ 10. bxc3 cxd4 11. cxd4 Qc7 12. f3 Nc3 13. Bd2 Nxe2 14. Bxe2 b6 15.
Bd3 Ba6 16. O-O Bxd3 17. cxd3 Nc6 18. Rfc1 Qd7 19. Rc2 Rc8 20. Rac1 Ne7 21.
Rxc8+ Nxc8 22. Qf4 a5 23. Qf6 Rh7 24. g4 Qd8 25. Qf4 Kd7 26. Be1 Na7 27. Qd2 Nc6
28. Qc2 Qc7 29. Qa4 Rh8 30. Bd2 h5 31. Bg5 Rc8 32. Kf2 Qb7 33. Qb5 Kc7 34. Bd2
Kb8 35. Ke3 Ka7 36. h3 Qd7 37. Rb1 Qd8 38. a4 hxg4 39. hxg4 Qg5+ 40. f4 Qd8 41.
Rc1 Kb7 42. Rb1 Ka7 43. Rc1 Kb7 1/2-1/2

[Event "Hastings Masters 2010-11"]
[Site "Hastings ENG"]
[Date "2011.01.01"]
[Round "5.47"]
[White "Jelsen, Yemi"]
[Black "Clayton, Tristan"]
[Result "1-0"]
[WhiteElo "1967"]
[BlackElo "1791"]
[WhiteFideId "7101406"]
[BlackFideId "416533"]
[EventDate "2010.12.28"]

1. d4 Nf6 2. c4 g6 3. Nc3 Bg7 4. e4 d6 5. Nf3 O-O 6. Be2 e5 7. O-O Nc6 8. d5 Ne7
9. b4 a6 10. a4 Nh5 11. Nd2 Nf4 12. c5 f5 13. f3 Nxe2+ 14. Qxe2 f4 15. Ba3 c6
16. cxd6 Nxd5 17. exd5 cxd5 18. b5 e4 19. Rac1 e3 20. Ndb1 Be6 21. Rfd1 d4 22.
Ne4 Rf5 23. Rc5 b6 24. Rc7 Be5 25. Bb2 Bxd6 26. Rc6 Rd5 27. Rxd4 Be5 28. Rxd5
Qxd5 29. Nbc3 Qb3 30. Rxb6 Bc4 31. Nc5 Qb4 32. Nd3 Bxd3 33. Qxd3 Qd4 34. Qxd4
Bxd4 35. Re6 axb5 36. Re4 Rd8 37. Kf1 bxa4 38. Nxa4 Bxb2 39. Nxb2 Rd2 40. Rb4
Rf2+ 41. Kg1 Rd2 42. h4 h6 43. Rb3 Kg7 44. Kf1 Rf2+ 45. Kg1 Rd2 46. Kf1 Rf2+ 47.
Ke1 Rxg2 48. Nd3 g5 49. Rb7+ Kf6 50. Rb6+ Kg7 51. Rb4 Rh2 52. hxg5 hxg5 53. Ne5
Rh1+ 54. Ke2 Rh2+ 55. Kd3 Rd2+ 56. Kc3 Rd8 57. Rd4 Re8 58. Re4 Rc8+ 59. Rc4 Re8
60. Nd3 Kg6 61. Rc5 Kf6 62. Rd5 Rc8+ 63. Nc5 Rc6 64. Kd3 Rc8 65. Ne4+ Ke6 66.
Rxg5 Rd8+ 67. Kc2 Rc8+ 68. Rc5 Rd8 69. Rc4 e2 70. Nc5+ Kd5 71. Re4 Kxc5 72. Rxe2
Rd4 73. Re8 Rc4+ 74. Kd3 Rd4+ 75. Ke2 Kd5 76. Kf2 Ra4 77. Kg2 Ra7 78. Re4 Rg7+
79. Kh2 Rh7+ 80. Kg2 Rh4 81. Kf2 Rh2+ 82. Ke1 Rh1+ 83. Kd2 Rh2+ 84. Kc3 Rh4 85.
Kd3 Kd6 86. Kd4 Kd7 87. Ke5 Rh5+ 88. Kxf4 Rh4+ 89. Kf5 Rh6 90. Kg5 Ra6 91. f4
Kd8 92. f5 Rb6 93. f6 Rb1 94. f7 Rg1+ 95. Kf6 Rf1+ 96. Kg7 Rg1+ 97. Kf8 Rg2 98.
Rd4+ Kc7 99. Rd5 Kc6 100. Rh5 Kd7 101. Rh7 Rg1 102. Rg7 Ra1 103. Kg8 1-0

[Event "Hastings Masters 2010-11"]
[Site "Hastings ENG"]
[Date "2011.01.01"]
[Round "5.37"]
[White "Hegarty, Sarah N"]
[Black "Gibbs, Dominic V"]
[Result "1-0"]
[WhiteTitle "WFM"]
[WhiteElo "2080"]
[BlackElo "1941"]
[WhiteFideId "2501465"]
[BlackFideId "412090"]
[EventDate "2010.12.28"]

1. e4 c6 2. d4 d5 3. f3 e6 4. Bf4 b6 5. Nc3 Bb4 6. Ne2 Ne7 7. a3 Bxc3+ 8. Nxc3
O-O 9. Qd2 Ba6 10. Bxa6 Nxa6 11. O-O-O Qd7 12. h4 Rfd8 13. h5 c5 14. h6 g6 15.
Bg5 c4 16. Qf4 f5 17. exd5 Re8 18. dxe6 Qxe6 19. Rde1 Qf7 20. d5 Nc5 21. Qxc4
Nc6 22. Qf4 Nd8 23. Nb5 Rxe1+ 24. Rxe1 Rc8 25. Nc3 Rc7 1-0

[Event "Hastings Masters 2010-11"]
[Site "Hastings ENG"]
[Date "2011.01.02"]
[Round "6.11"]
[White "Pert, Richard G"]
[Black "Snape, Ian L"]
[Result "1/2-1/2"]
[WhiteTitle "IM"]
[WhiteElo "2464"]
[BlackElo "2228"]
[WhiteFideId "404748"]
[BlackFideId "404489"]
[EventDate "2010.12.28"]

1. d4 c5 2. d5 g6 3. e4 d6 4. Nc3 Bg7 5. Be2 Nf6 6. Nf3 Na6 7. O-O Nc7 8. a4 O-O
9. Re1 Bg4 10. Nd2 Bxe2 11. Qxe2 e6 12. dxe6 Nxe6 13. Nc4 d5 14. exd5 Nxd5 15.
Nxd5 Qxd5 16. Be3 Rad8 17. Rad1 Nd4 18. Bxd4 cxd4 19. Qd3 Rfe8 20. b3 Qc6 21. h3
h5 22. Kf1 Qc7 23. Rxe8+ Rxe8 24. Re1 Rxe1+ 25. Kxe1 Qf4 26. Nd2 Bh6 27. Nf3 Bg7
28. Qd2 Qd6 29. Kf1 Qc5 30. Qe2 Bf6 31. Qe4 Qb6 32. g3 Kf8 33. Kg2 a6 34. Nd2
Qc5 35. Nc4 b5 36. axb5 axb5 37. Nd2 Qb6 38. Qd5 Be7 39. Nf3 Bf6 40. h4 Kg7 41.
Nd2 Qc7 42. Ne4 Qe5 43. Qc6 Be7 44. Nd2 Qf5 45. Nf3 Bf6 46. Ne1 Bd8 47. Nd3 Be7
48. Kg1 Bf8 49. Nf4 Be7 50. Nd3 Bf8 51. Kg2 Be7 52. Ne1 Bf6 53. Qf3 Qe5 54. Nd3
Qc7 55. Ne1 Qe5 56. Kf1 Be7 57. Qc6 Qf5 58. Kg2 Bf6 59. Nf3 d3 60. c3 Qe6 61.
Qxb5 Qe4 62. Qb4 Qe2 63. c4 Qb2 64. Qd2 Qxb3 65. Ne1 Qxc4 1/2-1/2